Riadenie VTR vo VHJ v SSR čiastková úloha SPEV 903 - 533 - 201 - 12

Gespeichert in:
Bibliographische Detailangaben
1. Verfasser: Mráz, Jozef
Format: Buch
Sprache:Slowakisch
Veröffentlicht: Bratislava Vysoká škola ekonomická 1981
Tags: Tag hinzufügen
Keine Tags, Fügen Sie das erste Tag hinzu!

MARC

LEADER 00000nam a2200000 4500
001 c127467
005 20250703112430.9
041 0 |a slo 
044 |a SK 
245 1 0 |a Riadenie VTR vo VHJ v SSR  |b čiastková úloha SPEV 903 - 533 - 201 - 12  |c Jozef Mráz 
264 1 |a Bratislava  |b Vysoká škola ekonomická  |c 1981 
300 |a 35 s. 
100 1 |a Mráz, Jozef